000 00718nam a2200289Ia 4500
005 20260324134615.0
008 008 260324s9999 xx 000 0 eng d
020 _a9781410602282
037 _aEBOOK
040 _aCRL
040 _beng
040 _cCRL
041 _2eng
041 _aeng
084 _qCRL
100 _aHarald A. Mieg
_91197460
245 4 _aThe Social Psychology of Expertise
245 0 _bCase Studies in Research, Professional Domains, and Expert Roles
260 _bTaylor and Francis
260 _c2001
365 _a
365 _b135
856 _uhttp://www.taylorfrancis.com/books/9781410602282
942 _cEBOOK
999 _c1797731
_d1797731